Oliver Cromwell : (Record no. 187182)
[ view plain ]
| 000 -LEADER | |
|---|---|
| fixed length control field | 01010 a2200169 4500 |
| 003 - CONTROL NUMBER IDENTIFIER | |
| control field | NUST |
| 005 - DATE AND TIME OF LATEST TRANSACTION | |
| control field | 20230130160702.0 |
| 040 ## - CATALOGING SOURCE | |
| Transcribing agency | Nust |
| 082 ## - DEWEY DECIMAL CLASSIFICATION NUMBER | |
| Classification number | 920,WIT |
| 100 ## - MAIN ENTRY--PERSONAL NAME | |
| Personal name | Withers, Henry |
| 9 (RLIN) | 108116 |
| 245 ## - TITLE STATEMENT | |
| Title | Oliver Cromwell : |
| Remainder of title | The Champion of Librarty / |
| Statement of responsibility, etc. | Henry Withers |
| 260 ## - PUBLICATION, DISTRIBUTION, ETC. | |
| Place of publication, distribution, etc. | London |
| Name of publisher, distributor, etc. | The Religious Tract Society |
| 300 ## - PHYSICAL DESCRIPTION | |
| Extent | 192 p.; |
| 505 ## - FORMATTED CONTENTS NOTE | |
| Formatted contents note | Introductory (Page-9), The Days Before (Page-15), The Elizabethan Age (Page-21), Reformation Days (Page-27), The Puritans (Page-33), Ancestry and Early Days (Page-38), Husband And Father (Page-44), Divine Right (Page-49), Comparisons (Page-62), Oliver the Man (Page-74), Religious Experience (Page-81), The Breach Widens (Page-87), The Issue (Page-93), The Fight Begins (Page-101), The New Model Succeeds (Page-124), Drogheda and Dunbar (Page-139), Post War Difficulties (Page-152), The Major Generals (Page-166), His Last Parliament (Page-173), Toleration (Page-180), The End (Page-187). |
| 650 ## - SUBJECT ADDED ENTRY--TOPICAL TERM | |
| Topical term or geographic name entry element | Biography |
| 9 (RLIN) | 461 |
| 942 ## - ADDED ENTRY ELEMENTS (KOHA) | |
| Source of classification or shelving scheme | |
| Koha item type | Book |
| Call number prefix | 920,WIT |
| Withdrawn status | Lost status | Source of classification or shelving scheme | Damaged status | Not for loan | Permanent Location | Current Location | Shelving location | Date acquired | Full call number | Barcode | Date last seen | Price effective from | Koha item type | Public note |
|---|---|---|---|---|---|---|---|---|---|---|---|---|---|---|
| Military College of Signals (MCS) | Military College of Signals (MCS) | General Stacks | 12/12/2016 | 920,WIT | MCS30133 | 12/08/2016 | 12/12/2016 | Book | Almirah No.59, Shelf No.4 |
